Statistics for Biggest City in Each South American Country

Click here to take the quiz!

General Stats

  • This quiz has been taken 17 times
  • The average score is 10 of 12

Answer Stats

CountryCity% Correct
ColombiaBogota
100%
ArgentinaBuenos Aires
100%
PeruLima
100%
ChileSantiago
100%
BrazilSao Paulo
100%
ParaguayAsuncion
94%
VenezuelaCaracas
94%
UruguayMontevideo
94%
GuyanaGeorgetown
88%
SurinameParamaribo
81%
EcuadorGuayaquil
63%
BoliviaSanta Cruz de la Sierra
13%

Score Distribution

Percentile by Number Answered

Percent of People with Each Score

Your Score History

You have not taken this quiz